| 000 | 02276nam a2200457 c 4500 | ||
|---|---|---|---|
| 003 | BLK | ||
| 005 | 20180420224736.0 | ||
| 008 | 180408b bul|||||r ||||||| ||bul|| | ||
| 010 | _aKNG00087894000 | ||
| 020 |
_a978-954-91526-2-3 _bиздат.: Регион. библ. Пенчо Славейков |
||
| 040 | _aBLK | ||
| 041 |
_aBUL _cBUL |
||
| 072 | 7 |
_2bullib _aН02 _xБиблиотечно дело Н |
|
| 080 |
_aОкръжни библиотеки. Областни библиотеки. Регионални библиотеки _b027.53 _x(497.211)(091) _z027.53(497.211)(091) |
||
| 080 |
_aСпециална библиография _b016 _x:027.53(497.211) _z016:027.53(497.211) |
||
| 080 |
_aОкръжни библиотеки. Областни библиотеки. Регионални библиотеки _b027.53 _x(497.211)(01) _z027.53(497.211)(01) |
||
| 700 | 1 |
_aМилкова, Емилия Веселинова _eсъстав. _9283515 |
|
| 710 | 1 |
_aРегионална библиотека Пенчо Славейков. Варна _9300924 |
|
| 139 |
_aРегионална библиотека Пенчо Славейков. Варна _bР 44 |
||
| 245 | 1 | 0 |
_aБиблиотеката в новото хилядолетие _b125 г. РБ Пенчо Славейков - Варна 1883 - 2008 : Сборник _cсъстав. Емилия Веселинова Милкова. |
| 257 | _aBGR | ||
| 260 |
_аВарна _bРегион. библ. Пенчо Славейков _c2008 |
||
| 300 |
_a224 с. _bс ил., факс. _c20 см |
||
| 380 | _a0 | ||
| 500 | _aБиблиогр. указател ; Именен показалец. | ||
| 650 | 4 |
_aБиблиотеки, регионални - Варна _9300925 |
|
| 650 | 4 |
_aБиблиографии _9148390 |
|
| 651 | 4 |
_aБългария _9241624 |
|
| 651 | 4 |
_aВарна _9178690 |
|
| 653 | _aрегионални библиотеки | ||
| 653 | _aистория | ||
| 653 | _aбиблиотечно дело | ||
| 653 | _aбиблиография | ||
| 653 | _aюбилейни сборници | ||
| 659 | _aН | ||
| 852 | _aЦб 242898 | ||
| 856 | 4 |
_qpdf _u |
|
| 856 | 4 |
_qpdf _u |
|
| 942 |
_cKNG _n0 |
||
| 944 |
_aCR _c20.02.2009 _lф / _kВаля_Йорданова |
||
| 944 |
_aED _c29.03.2016 _lф / _kЛюдмила_Стоянова |
||
| 999 |
_c83347 _d83347 |
||